[Event "Parco del Taro op 1st"]
[Site "Collecchio"]
[Date "2004.03.14"]
[Round "5"]
[White "Vezzosi, Paolo"]
[Black "Pasini, Davide"]
[Result "1-0"]
[WhiteElo "2355"]
[BlackElo "1594"]
[PlyCount "81"]
[EventDate "2004.03.12"]
[EventType "swiss"]
[EventRounds "5"]
[EventCountry "ITA"]
[SourceTitle "EXT 2007"]
[Source "ChessBase"]
[SourceDate "2006.11.23"]
[SourceVersion "1"]
[SourceVersionDate "2006.11.23"]
[SourceQuality "1"]

1. d4 Nf6 2. c4 g6 3. Nc3 Bg7 4. e4 d6 5. Be2 0-0 6. Be3 e5 7. Nf3 Na6 8. 0-0 exd4 9. Nxd4 Nc5 10. f3 a5 11. Ndb5 Qe7 12. Qd2 Be6 13. Rac1 Rac8 14. Rfd1 Rfd8 15. Bg5 Rd7 16. Bf1 Qf8 17. Be3 Ne8 18. Nd4 h6 19. Nd5 Ra8 20. Nf4 Rdd8 21. Ndxe6 Nxe6 22. Nd5 Kh7 23. g3 c6 24. Nb6 Ra6 25. b3 Qe7 26. Qf2 Nc5 27. Na4 Nxa4 28. bxa4 Raa8 29. Rd3 Nc7 30. Rcd1 Ne6 31. Bb6 Rd7 32. Bh3 Bf8 33. Kh1 Qf6 34. f4 Re7 35. Rxd6 Qc3 36. Bxe6 fxe6 37. c5 Qb4 38. R6d4 Qc3 39. R1d3 Qc1+ 40. Kg2 Qb1 41. Rd1 1-0

[Event "Parco del Taro op 1st"]
[Site "Collecchio"]
[Date "2004.03.13"]
[Round "2"]
[White "Pasini, Davide"]
[Black "Mantovani, Mario"]
[Result "1-0"]
[WhiteElo "1594"]
[BlackElo "1480"]
[PlyCount "67"]
[EventDate "2004.03.12"]
[EventType "swiss"]
[EventRounds "5"]
[EventCountry "ITA"]
[SourceTitle "EXT 2007"]
[Source "ChessBase"]
[SourceDate "2006.11.23"]
[SourceVersion "1"]
[SourceVersionDate "2006.11.23"]
[SourceQuality "1"]

1. Nf3 e6 2. g3 Nf6 3. Bg2 d5 4. d4 c5 5. 0-0 Nc6 6. c4 Qb6 7. Nc3 cxd4 8. Na4 Qa5 9. Bd2 Bb4 10. Bxb4 Nxb4 11. a3 Nc6 12. b4 Qd8 13. Nxd4 0-0 14. Rc1 Nxd4 15. Qxd4 Re8 16. cxd5 exd5 17. Nc3 Be6 18. Rfd1 Qb6 19. Nxd5 Nxd5 20. Bxd5 Qxd4 21. Rxd4 Bxd5 22. Rxd5 Rxe2 23. Rd7 Ra2 24. Rcc7 Rxa3 25. Rxf7 b6 26. Rxg7+ Kh8 27. Rxh7+ Kg8 28. h4 a5 29. Rhg7+ Kh8 30. Rh7+ Kg8 31. Rcg7+ Kf8 32. Rg6 axb4 33. Rxb6 Kg8 34. Rhb7 1-0